000 00958nam0a22002531 4500
001 rc\3425596
005 20260407122755.0
021 _aRU
_bРг10414-73
021 _aRU
_b73-51118
035 _a(NLR Aleph) 007559681
090 _a5288571
_c5288571
100 _a20130115d1973 |||y0rusy50 ca
101 0 _arus
102 _aRU
105 _ay z |||||
200 1 _aРекомендации по организации и методике политического информирования учащихся
_fРост. обл. ин-т усовершенствования учителей
210 _aРостов-на-Дону
_cБ. и.
_d1973
215 _a28 с.
_d20
712 0 2 _aРостовский областной институт усовершенствования учителей
_3RU\NLR\AUTH\889959652
_9415493
801 0 _aRU
_bNLR
_gpsbo
801 1 _aRU
_bELAR
_2rusmarc
852 _aNLR
_j73-4/20091
942 _cBOOK
980 _aNB